Most Populous New Jersey Municipalities in 1930 - Statistics

General Stats
  • This quiz has been taken 4 times
  • The average score is 15 of 20
Answer Stats
Population County Status Municipality % Correct
66,198 Atlantic City Atlantic City
100%
88,979 Hudson City Bayonne
100%
118,700 Camden City Camden
100%
114,589 Union City Elizabeth
100%
59,261 Hudson City Hoboken
100%
316,715 Hudson City Jersey City
100%
442,337 Essex City Newark
100%
62,959 Passaic City Passaic
100%
138,513 Passaic City Paterson
100%
43,516 Middlesex City Perth Amboy
100%
123,356 Mercer City Trenton
100%
68,020 Essex City East Orange
67%
56,733 Essex Town Irvington
67%
40,716 Hudson Town Kearny
67%
58,659 Hudson City Union City
67%
38,077 Essex Town Bloomfield
33%
46,875 Passaic City Clifton
33%
42,017 Essex Town Montclair
33%
40,714 Hudson Township North Bergen
33%
37,107 Hudson Town West New York
33%
No matching quizzes found
Score Distribution
Percent of People with Each Score
Percentile by Number Answered
Your Score History
You have not taken this quiz